00569nam a2200205Ia 450000500170000000800410001702000150005808200200007310000140009324500370010726000340014430000120017865000120019065000130020265000190021565000120023494200060024695200960025299900150034820250324045606.0240331s9999 xx 000 0 und d a8185443025 a303.4bDHA2928 aDhawan, N 0aBrahmanism:bA Political Concept aNew Delhi,bR. K. Gupta & Co. a156 p., aBrahman aHinduism aSocio-Politics aCulture cL 001040708LaWERCLbWERCLcSSCd2024-03-31l0o 303.4 DHAp928r2024-03-31w2024-03-31yL c1206d1206